Automatic process control for chemical engineers (Record no. 25223)

000 -LEADER
fixed length control field 00528nam a2200193 4500
001 - CONTROL NUMBER
control field 25223
003 - CONTROL NUMBER IDENTIFIER
control field BD-DhUET
008 - FIXED-LENGTH DATA ELEMENTS--GENERAL INFORMATION
fixed length control field 150304b1956 xxu||||| |||| 00| 0 eng d
040 ## - CATALOGING SOURCE
Original cataloging agency DLC
Transcribing agency DLC
Modifying agency BD-DhUET
082 ## - DEWEY DECIMAL CLASSIFICATION NUMBER
Classification number 660.28
Item number CEA/1956
100 ## - MAIN ENTRY--PERSONAL NAME
Personal name Ceaglaske, Norman H.
245 ## - TITLE STATEMENT
Title Automatic process control for chemical engineers
250 ## - EDITION STATEMENT
Edition statement 1st ed.
260 ## - PUBLICATION, DISTRIBUTION, ETC. (IMPRINT)
Place of publication, distribution, etc. New Delhi
Name of publisher, distributor, etc. Wiley Eastern
Date of publication, distribution, etc. 1956
300 ## - PHYSICAL DESCRIPTION
Extent xiv, 228 p.
Other physical details ill.
Dimensions 23 cm.
504 ## - BIBLIOGRAPHY, ETC. NOTE
Bibliography, etc Includes bibliographies
650 #0 - SUBJECT ADDED ENTRY--TOPICAL TERM
Topical term or geographic name as entry element Chemical engineering
942 ## - ADDED ENTRY ELEMENTS (KOHA)
Koha item type General Book
Holdings
Withdrawn status Lost status Location (home branch) Shelving location Date acquired Koha date last seen Source of classification or shelving scheme Not for loan Koha full call number Koha normalized classification for sorting Copy number Koha item type Sublocation or collection (holding branch) Price effective from Piece designation (barcode) Damaged status
  Central Library, BUETCirculation section2015-05-132015-05-13  660.28/CEA/1956660_280000000000000_CEA_19561General BookCentral Library, BUET2015-05-1332624 
  Central Library, BUETCirculation section2015-05-132015-05-13  660.28/CEA/1956660_280000000000000_CEA_19562General BookCentral Library, BUET2015-05-1332623 
  Central Library, BUETCirculation section2015-05-132015-05-13  660.28/CEA/1956660_280000000000000_CEA_19563General BookCentral Library, BUET2015-05-1332622 
  Central Library, BUETCirculation section2015-05-132015-05-13  660.28/CEA/1956660_280000000000000_CEA_19564General BookCentral Library, BUET2015-05-1332621 
  Central Library, BUETCirculation section2015-05-132015-05-13  660.28/CEA/1956660_280000000000000_CEA_19565General BookCentral Library, BUET2015-05-1320928 
  Central Library, BUETCirculation section2015-05-132015-05-13  660.28/CEA/1956660_280000000000000_CEA_19566General BookCentral Library, BUET2015-05-1337310 
  Central Library, BUETCirculation section2015-05-132015-05-13  660.28/CEA/1956660_280000000000000_CEA_19567General BookCentral Library, BUET2015-05-1332625 
  Central Library, BUETCirculation section2015-05-132015-05-13  660.28/CEA/1956660_280000000000000_CEA_19568General BookCentral Library, BUET2015-05-1311145 
  Central Library, BUETCirculation section2015-05-132015-05-13  660.28/CEA/1956660_280000000000000_CEA_19569General BookCentral Library, BUET2015-05-1311148 
  Central Library, BUETCirculation section2015-05-132015-05-13  660.28/CEA/1956660_280000000000000_CEA_195610General BookCentral Library, BUET2015-05-1311144 
  Central Library, BUETCirculation section2015-05-132015-05-13  660.28/CEA/1956660_280000000000000_CEA_195611General BookCentral Library, BUET2015-05-1312431 
  Central Library, BUETCirculation section2015-05-132015-05-13  660.28/CEA/1956660_280000000000000_CEA_195612General BookCentral Library, BUET2015-05-1310151